Destinations from Thessaloniki SKG - Statistics

General Stats
  • This quiz has been taken 9 times
  • The average score is 88 of 99
Answer Stats
Hint Answer % Correct
Jordan Amman
100%
Netherlands Amsterdam
100%
Greece Athens
100%
Spain Barcelona
100%
Switzerland Basel
100%
Serbia Belgrade
100%
Germany Berlin
100%
Italy Bologna
100%
Slovakia Bratislava
100%
Belgium Brussels
100%
Romania Bucharest
100%
Hungary Budapest
100%
Egypt Cairo
100%
Greece Chania
100%
Belgium Charleroi
100%
Moldova Chisinau
100%
Denmark Copenhagen
100%
Greece Corfu
100%
Ireland Dublin
100%
Croatia Dubrovnik
100%
Germany Dusseldorf
100%
Germany Dusseldorf Weeze
100%
United Kingdom Edinburgh
100%
Germany Frankfurt
100%
Germany Frankfurt Hann
100%
Switzerland Geneva
100%
Sweden Gothenburg
100%
Germany Hamburg
100%
Germany Hannover
100%
Finland Helsinki
100%
Greece Heraklion
100%
Romania Iasi
100%
Turkey Istanbul
100%
Turkey Izmir
100%
Greece Kalamata
100%
Greece Kos
100%
Poland Krakow
100%
Georgia Kutaisi
100%
Cyprus Larnaca
100%
United Kingdom London (City)
100%
United Kingdom London (Gatwick)
100%
United Kingdom London (Heatrow)
100%
United Kingdom London (Stansted)
100%
Luxembourg Luxembourg
100%
United Kingdom Manchester
100%
Italy Milan (Bergamo)
100%
Italy Milan (Malpensa)
100%
Germany Munich
100%
Italy Naples
100%
United Kingdom Newcastle
100%
Germany Nuremberg
100%
Norway Oslo
100%
Cyprus Paphos
100%
France Paris (Beuvais)
100%
France Paris (Charles de gaulle)
100%
France Paris (Orly)
100%
Greece Rhodes
100%
Latvia Riga
100%
Italy Rome (Fiumicino)
100%
Bosnia and Herzegovina Sarajevo
100%
Sweden Stockholm
100%
Germany Stuttgart
100%
Israel Tel Aviv
100%
Italy Venice (Treviso)
100%
Austria Vienna
100%
Poland Warsaw (Choplin)
100%
Poland Warsaw (Modlin)
100%
Armenia Yerevan
100%
Croatia Zagreb
100%
Switzerland Zurich
100%
United Kingdom Birmingham
86%
Romania Cluj-Napoca
86%
Netherlands Eindhoven
86%
United Kingdom Leeds
86%
Malta Malta
86%
Germany Memmingen
86%
Poland Poznan
86%
Czechia Prague
86%
Greece Samos
86%
Greece Santorini
86%
Romania Timisoara
86%
United Kingdom Bristol
71%
Greece Mykonos
71%
Germany Bonn-Cologne
57%
Greece Chios
57%
Greece Lemnos
57%
Greece Mytilene
57%
Greece Naxos
57%
Greece Paros
57%
Germany Braunschweig
43%
Serbia Kraljevo
43%
United Kingdom Nottingham
43%
Greece Zante
43%
Italy Bolzano
29%
Greece Ikaria
29%
Greece Milos
29%
Greece Skyros
29%
Greece Syros
29%
Germany Baden-Baden/ Karlshruhe
14%
No matching quizzes found
Score Distribution
Percent of People with Each Score
Percentile by Number Answered
Your Score History
You have not taken this quiz